000 00960naa a2200289 c 4500
001 30198
003 ES-MaCES
005 20150925135753.0
008 980317n1998 fr ||| | fre d
035 _aCES19980041476v
040 _aES-MaCES
_bspa
_cES-MaCES
100 1 _aComarmond, Leïla de
_99846
245 1 3 _aLe nouveau paysage syndicat [en France]
_cpar Leïla de Comarmond, Daniel Ferrat, Anne Vidalie
650 4 _atendencia
_928907
650 4 _aFrancia
_926943
650 4 _asindicalización
_929454
650 4 _asindicalismo
_929453
650 4 _aactitud sindical
_929839
653 1 0 _aRelaciones laborales-Empleo
650 4 _928377
_asindicato
700 1 _aVidalie, Anne
_925829
700 1 _aFerrat, Daniel
_912037
773 0 _tLiaisons sociales magazine
_gParis. - Nº 125 (janv. 1998) ; p. 16-27
_w(ES-MaCES)25306
902 _aART Artículo de revista
942 _2CES
_cAR
_h2.0.
999 _c30198
_d30198